Loading...
| Science - Biology | 1 | 3 | 0 | 0 | 45 | 50 | 72.00 | 2 | 4 |
| Science - Other Science | 2 | 1 | 0 | 0 | 40 | 38 | 73.67 | 0 | 2 |
| Science - Physics | 1 | 2 | 0 | 0 | 35 | 52 | 59.00 | 0 | 2 |
| History - Other History | 0 | 3 | 0 | 2 | 30 | 111 | 117.00 | 0 | 1 |
| Philosophy | 0 | 3 | 0 | 1 | 30 | 99 | 118.67 | 0 | 2 |
| Science - Chemistry | 1 | 1 | 0 | 0 | 25 | 48 | 56.00 | 1 | 2 |
| Pop Culture | 1 | 1 | 0 | 0 | 25 | 63 | 101.50 | 1 | 1 |
| Literature - American Literature | 0 | 2 | 0 | 0 | 20 | 78 | 83.00 | 1 | 1 |
| Religion | 0 | 2 | 0 | 1 | 20 | 111 | 113.50 | 0 | 1 |
| Literature - World Literature | 1 | 0 | 0 | 0 | 15 | 23 | 23.00 | 0 | 1 |
| Current Events | 1 | 0 | 0 | 0 | 15 | 58 | 58.00 | 0 | 0 |
| Fine Arts - Auditory Fine Arts | 0 | 1 | 0 | 1 | 10 | 129 | 129.00 | 0 | 0 |
| History - European History | 0 | 1 | 1 | 0 | 5 | 95 | 95.00 | 0 | 1 |
| History - American History | 0 | 1 | 1 | 1 | 5 | 147 | 147.00 | 0 | 0 |
| History - World History | 0 | 0 | 0 | 0 | 0 | 0.00 | 0 | 0 | |
| Literature - British Literature | 0 | 0 | 1 | 0 | -5 | 0.00 | 0 | 0 |